000 00896nas1a22002531i 4500
001 RU\NLR\INFOCOMM_78\5000012753
005 20241101121422.0
035 _a(NLR Aleph) 003577363
090 _a4091878
_c4091878
100 _a20051230c1918 |||y0rusy50 ba
101 0 _ager
102 _aRU
110 _aayuz|||0|y|
200 1 _aNachrichten
_eOrgan des Gebietskom. der KP d SU(B) und des Präsidiums des Oberstein Sowjets der ASSR d WO des Stadtkom. der KP d SU(B) und des Stadtsowjets der Deputierten der Werktätigen von Engels
207 0 _aJg. 1-23
210 _aEngels
_d1918-1941
300 _aИзд. с 11/XII- 1918
710 0 2 _7ba
_8ger
_aKPdSU(b)
_bGebietskomitee der ASSR der Wolgadeutschen
_9543035
_3RU\NLR\AUTH\880439423
801 1 _aRU
_bInfoComm
_c20051230
801 0 _aRU
_bNLR
_gPSBO
852 _aNLR
_bГаз. отд.
_jIV-22
942 _cJOURNAL
980 _aINPER